Japan : between myth and reality..
| Corporate Author: | |
|---|---|
| Format: | Book |
| Published: |
Singapore:
World Scientific,
1995.
|
| Subjects: |
| LEADER | 00414cam a2200157 7i4500 | ||
|---|---|---|---|
| 001 | 0000003950 | ||
| 005 | 19991025090000.0 | ||
| 002 | ##000005386 | ||
| 020 | 0 | 0 | |a 981-02-1865-6# |
| 090 | 0 | 0 | |a JAPN 952 |b LEE |
| 110 | 0 | 0 | |a Lee |
| 245 | 0 | 0 | |a Japan : |b between myth and reality.. |
| 260 | 0 | 0 | |a Singapore: |b World Scientific, |c 1995. |
| 300 | 0 | 0 | |a 303 p.. |
| 651 | 0 | 0 | |a Japan |
| 999 | |a 0000006280 |b Book |c Open shelf |e Business Information Centre | ||


